| 000 | 00000nam##2200000za#4500 |
| 001 | 9.695832 |
| 003 | CaOODSP |
| 005 | 20210624234745 |
| 007 | cr ||||||||||| |
| 008 | 150407|1995||||xxc|||||o f|0| 0 eng|d |
| 040 | |aCaOODSP|beng |
| 043 | |an-cn--- |
| 086 | 1 |aH42-2/66-1995E-PDF |
| 110 | 1 |aCanada. |bHealth Canada. |
| 245 | 14|aThe role of surrogate markers of HIV infection : |h[electronic resource]|breport / |cby C.M. Tsoukas. |
| 260 | |aOttawa - Ontario : |bHealth Canada |cAutumn 1995. |
| 300 | |a51p.|bglossary, references, tables |
| 500 | |aThe catalogue number (H42-2/66-1995E) and ISBN (O-662-21711-X) for the print edition have been incorrectly copied in this electronic publication. |
| 590 | |a12-17-Supp|b2012-04-20 |
| 690 | 07|aAIDS (disease)|2gcpds |
| 720 | 1 |aTsoukas, C. M. |
| 775 | 08|tLe rôle des marqueurs substituts de l'infection à VIH : |w(CaOODSP)9.639929 |
| 776 | 0#|tThe role of surrogate markers of HIV infection / |w(CaOODSP)9.645764 |
| 856 | 40|ahttp://publications.gc.ca|qPDF|s161 KB|uhttps://publications.gc.ca/collections/Collection/H42-2-66-1995E.pdf |